01407naa#a2200241#i#4500001001600000005001700016011001400033100004100047101000800088102000700096200020400103210013900307215001000446606006300456608004500519675012900564686007600693686013400769686012800903700005401031700006201085856001801147RU\\bibl\11710420260415175430.3##a2076-0655##a20251227b2025####ek#y0rusy0150####ca0#aRUS##aRU1#aПОВЫШЕНИЕ ЭФФЕКТИВНОСТИ ХАРАКТЕРИСТИК БЕТОНОВ ПРИ ИСПОЛЬЗОВАНИИ ДОБАВОК МОДИФИКАТОРОВeЖурнальная статья1#aМоскваcИндивидуальный Предприниматель Самченко Светлана Васильевнаd2025##a9 с.##aХимическая технология. 18.06.012local##aЖурнальная статья2local##aДобавки для регулирования сроков схватывания и твердения. 666.972.165zRUS##aСтроительные материалы и изделия. 3832bbk##aСтроительные материалы и изделия. Производство стройматериалов. 54152tbk##aТехнология производства строительных материалов и изделий. 67.152grnti#1aУрбановgАндрей Витальевич#1aПотаповаgЕкатерина Николаевна4#atsilicates.ru